Mikrosystém 1988 2 Zpravodaj pro mikroelektroniku a mikroelektronické systémy

Enregistré dans:
Détails bibliographiques
Format: Livre
Langue:tchèque
Publié: Praha TESLA ELTOS 1988
Édition:1. vyd.
Tags: Ajouter un tag
Pas de tags, Soyez le premier à ajouter un tag!

MARC

LEADER 00000nam a2200000 4500
001 c034335
005 20221219085349.9
041 0 |a cze 
044 |a CZ 
245 1 0 |a Mikrosystém 1988 2  |b Zpravodaj pro mikroelektroniku a mikroelektronické systémy 
250 |a 1. vyd. 
264 1 |a Praha  |b TESLA ELTOS  |c 1988 
300 |a 79 s.